| 000 | 01188nam a22003375i 4500 | ||
|---|---|---|---|
| 999 |
_c28286 _d28257 |
||
| 001 | BDR3000BB | ||
| 003 | EG-ScBUE | ||
| 005 | 20200308132350.0 | ||
| 008 | 760719s1975 enkab f b 00010 eng d | ||
| 020 | _a0140806342 | ||
| 035 | _a(InU)BDR3000BB | ||
| 035 | _a(OCoLC)ocm02319174 | ||
| 040 |
_aNAM _beng _erda _cNAM _dIUL _dEG-ScBUE |
||
| 082 | 0 | 4 |
_a301.3609422 _bPAH _222 |
| 100 | 1 | 0 |
_aPahl, R. E. _q(Raymond Edward), _d1935- _eauthor. |
| 245 | 1 | 0 |
_aWhose city? : _band further essays on urban society _cR. E. Pahl. |
| 264 | 1 |
_aHarmondsworth, England : _bPenguin Books, _c1975. |
|
| 300 |
_ax, 306 pages : _billustrations, maps ; _c18 cm. |
||
| 336 |
_atext _btxt _2rdacontent |
||
| 337 |
_aunmediated _bn _2rdamedia |
||
| 338 |
_avolume _bnc _2rdacarrier |
||
| 490 | 0 |
_aPenguin education ; _vX634 |
|
| 500 | _aAn extensive revision of the author's Whose city? and other essays on sociology and planning. | ||
| 504 | _aIncludes bibliographical references. | ||
| 650 | 7 |
_aCity planning _zGreat Britain. _2BUEsh |
|
| 651 | 7 |
_aGreat Britain _xSocial conditions _y1945- _2BUEsh |
|
| 653 |
_bGGEN _cMarch2020 |
||
| 942 |
_2ddc _cBB |
||
| 998 |
_b12/15/1989 _c12/15/1989 |
||